000 00843nam a22002415i 4500
001 168700
003 ES-MaACL
005 20230906213849.0
008 080514s2005 sp |||| | spa d
020 _a84-7120-390-1
080 _a75 Becerra, Gaspar
080 _a725.171(460.27-21)
080 _a75.052(460.27-21)
100 1 _aGarcía-Frías Checa, Carmen.
_9137787
245 1 0 _aGaspar Becerra y las pinturas de la Torre de la Reina del Palacio de El Pardo
_b: una nueva lectura tras su restauración /
_cCarmen García-Frías Checa.
260 _aMadrid :
_bPatrimonio Nacional,
_c2005.
300 _a142 p. :
_bil. col. ;
_c27 cm.
546 _aTexto en español e inglés.
600 1 7 _aBecerra, Gaspar.
_9224735
610 1 4 _aPalacio de El Pardo.
_9137790
852 4 _aES-MaACL
_jL-29480
_9R.143207
999 _c168700
_d168700